Banijyik ain : (Record no. 6795)
[ view plain ]
| 000 -LEADER | |
|---|---|
| fixed length control field | 00494cam a2200205ua 4500 |
| 001 - CONTROL NUMBER | |
| control field | 7678 |
| 005 - DATE AND TIME OF LATEST TRANSACTION | |
| control field | 20260515114238.0 |
| 008 - FIXED-LENGTH DATA ELEMENTS--GENERAL INFORMATION | |
| fixed length control field | 141220n ii |||gr||||Z||||||asm |
| 040 ## - CATALOGING SOURCE | |
| Transcribing agency | MAIN |
| 041 ## - LANGUAGE CODE | |
| Language code of text/sound track or separate title | asm |
| 082 ## - DEWEY DECIMAL CLASSIFICATION NUMBER | |
| Classification number | 346.07 |
| 100 ## - MAIN ENTRY--PERSONAL NAME | |
| Personal name | Kokoty, P. S., |
| Relator term | Author. |
| 245 1# - TITLE STATEMENT | |
| Title | Banijyik ain : |
| Remainder of title | Vol 1 / |
| Statement of responsibility, etc. | By Prafulla Sarma Kokoty . |
| 250 ## - EDITION STATEMENT | |
| Edition statement | 2nd. |
| 260 ## - PUBLICATION, DISTRIBUTION, ETC. | |
| Place of publication, distribution, etc. | Guwahati: |
| Name of publisher, distributor, etc. | Publication, |
| Date of publication, distribution, etc. | 1993. |
| 300 ## - PHYSICAL DESCRIPTION | |
| Extent | 256p. |
| 653 ## - INDEX TERM--UNCONTROLLED | |
| Uncontrolled term | Private law |
| 653 ## - INDEX TERM--UNCONTROLLED | |
| Uncontrolled term | Commercial law |
| 942 ## - ADDED ENTRY ELEMENTS (KOHA) | |
| Koha item type | Books |
| Withdrawn status | Lost status | Damaged status | Not for loan | Home library | Current library | Shelving location | Date acquired | Total checkouts | Full call number | Barcode | Date last seen | Copy number | Price effective from | Koha item type |
|---|---|---|---|---|---|---|---|---|---|---|---|---|---|---|
| Naharkatiya College Library | Naharkatiya College Library | General stacks | 09/19/2020 | 346.07 | KOK | 13735 | 09/19/2020 | 1 | 09/19/2020 | Books |